Management by parameters?
Nasadenie štandardného software v aktivitách podniku a jeho vplyv na redukovanie managementu na nastavenie parametrov použitého modulárneho programu. Využitie počítačového spracovania dát pri konfiguráciách parametrov. Koncept expertného systému ku konfigurácii parametrov na príklade plánovania a ri...
Gespeichert in:
| 1. Verfasser: | |
|---|---|
| Weitere Verfasser: | , |
| Format: | Buchkapitel |
| Sprache: | Deutsch |
| Schlagworte: | |
| Tags: |
Keine Tags, Fügen Sie das erste Tag hinzu!
|
MARC
| LEADER | 00000naa a2200000 4500 | ||
|---|---|---|---|
| 001 | r005189 | ||
| 005 | 20221130104009.7 | ||
| 041 | 0 | |a ger | |
| 044 | |a DE | ||
| 245 | 1 | 0 | |a Management by parameters? |c P. Mertens, T. Wedel, M. Hartinger |
| 520 | |a Nasadenie štandardného software v aktivitách podniku a jeho vplyv na redukovanie managementu na nastavenie parametrov použitého modulárneho programu. Využitie počítačového spracovania dát pri konfiguráciách parametrov. Koncept expertného systému ku konfigurácii parametrov na príklade plánovania a riadenia výroby. | ||
| 610 | 2 | 0 | |a manažment |
| 610 | 2 | 0 | |a softvér |
| 610 | 2 | 0 | |a spracovanie dát |
| 610 | 2 | 0 | |a systémy expertné |
| 610 | 2 | 0 | |a riadenie výroby |
| 100 | 1 | |a Mertens, P. | |
| 700 | 1 | |a Wedel, T. | |
| 700 | 1 | |a Hartinger, M. | |